00590 a2200253 4500260001000000630002500010037001300035650002800048100002600076700002200102260001400124245002900138300001100167650002900178260000900207300000900216100000700225440003800232037001200270037001200282037001200294037001200306020001800318 aParis a657 - Comptabilité b4, Achat a6 - SCIENCES APPLIQUEES aGrangeas, Geneviève aSaucier, Philippe bEd. Cujas aComptabilité nationale a192 p. aComptabilité nationale c1992 b18cm lFr aNouvelles Collections Economiques aDe 7633 aDe 7634 aDe 8538 aDe 8539 a2-254-92720-5